Joueurs de foot par image #2 - Statistiques

Statistiques générales
  • Ce quiz a été pris 128 fois
  • Le résultat moyen est 19 sur 32
Statistiques - réponses
Par images Réponse % Correct
Pepe
89%
David
87%
Eriksen
86%
Xhaka
86%
Hart
84%
Torres
84%
Hamsik
78%
Gueye
74%
Aboubakar
73%
De paul
73%
Aurier
72%
Mctominay
72%
Robben
72%
Nedved
69%
Weah
69%
Baresi
68%
Beckenbauer
68%
Inzaghi
66%
Arnautovic
65%
Shevchenko
57%
Giuly
53%
Chamakh
43%
Aguilar
42%
Gabi
38%
Dendoncker
35%
Coleman
32%
Guardado
28%
Romagnoli
28%
Dzyuba
24%
Riise
23%
M’bolhi
22%
Medina
22%
Aucun quiz correspondant
Distribution des résultats
% des personnes avec chaque résultat
Percentile par nombre de réponses
Votre historique - résultats
Vous n’avez pas pris ce quiz